[Event "Titled Tuesday intern op 31st Jan Late"]
[Site "Chess.com INT"]
[Date "2023.01.31"]
[Round "3"]
[White "Riverol, Jose"]
[Black "Moral Garcia, Serafin"]
[Result "0-1"]
[WhiteElo "2304"]
[BlackElo "2223"]
[PlyCount "62"]
[EventDate "2023.01.31"]
[EventType "swiss (blitz)"]
[EventRounds "11"]
[EventCountry "USA"]
[SourceTitle "CBM 212 Extra"]
[Source "ChessBase"]
[SourceDate "2023.03.31"]
[SourceVersion "1"]
[SourceVersionDate "2023.03.31"]
[SourceQuality "1"]

1. d4 Nf6 2. c4 g6 3. Nc3 d5 4. Nf3 Bg7 5. Bg5 Ne4 6. Bh4 Nxc3 7. bxc3 dxc4 8. e3 b5 9. a4 c6 10. Qb1 a6 11. Be2 0-0 12. 0-0 Bf5 13. e4 Bg4 14. h3 Bxf3 15. Bxf3 Ra7 16. Rd1 Qc8 17. Qb4 Re8 18. e5 Nd7 19. Bg4 e6 20. f4 Nb6 21. Bf3 Nxa4 22. Rxa4 bxa4 23. Qxa4 Rc7 24. Rb1 c5 25. d5 exd5 26. Bxd5 Bf8 27. Bxc4 Be7 28. Bf2 Rd8 29. Bxa6 Qf5 30. Re1 Rcd7 31. Be2 Rd2 0-1

[Event "Titled Tuesday intern op 10th Jan Early"]
[Site "Chess.com INT"]
[Date "2023.01.10"]
[Round "11"]
[White "Osinovsky, Stepan"]
[Black "Riverol, Jose"]
[Result "0-1"]
[WhiteElo "2241"]
[BlackElo "2304"]
[PlyCount "80"]
[EventDate "2023.01.10"]
[EventType "swiss (blitz)"]
[EventRounds "11"]
[EventCountry "USA"]
[SourceTitle "EXT 2024"]
[Source "ChessBase"]
[SourceDate "2023.10.10"]
[SourceVersion "1"]
[SourceVersionDate "2023.10.10"]
[SourceQuality "1"]

1. Nf3 Nf6 2. g3 g6 3. Bg2 Bg7 4. 0-0 0-0 5. d3 d5 6. Nbd2 c5 7. e4 Nc6 8. Re1 dxe4 9. dxe4 Bg4 10. h3 Be6 11. c3 Qc7 12. Qe2 Rfe8 13. Nc4 Rad8 14. Bf4 Qc8 15. a4 Bxh3 16. Ng5 Bxg2 17. Kxg2 Nh5 18. Be3 b6 19. Rh1 Nf6 20. e5 Ng4 21. e6 f5 22. Rxh7 Nce5 23. Rah1 Qc6+ 24. f3 Nxc4 25. Bf4 Nf6 26. Qxc4 Nxh7 27. Rxh7 Qd5 28. Qe2 Qd1 29. Qf2 Rd5 30. g4 Red8 31. Kg3 fxg4 32. Qh2 Rxg5 33. Bxg5 Qxf3+ 34. Kh4 Kxh7 35. Bxe7 Re8 36. Kg5+ Qh3 37. Qc7 Qh5+ 38. Kf4 Qf5+ 39. Ke3 Qxe6+ 40. Kd2 Qxe7 0-1

[Event "Titled Tuesday intern op 20th Dec Early"]
[Site "Chess.com INT"]
[Date "2022.12.20"]
[Round "8"]
[White "Gatterer, Florian"]
[Black "Riverol, Jose"]
[Result "1-0"]
[WhiteElo "2175"]
[BlackElo "2304"]
[PlyCount "39"]
[EventDate "2022.12.20"]
[EventType "swiss (blitz)"]
[EventRounds "11"]
[EventCountry "USA"]
[SourceTitle "EXT 2024"]
[Source "ChessBase"]
[SourceDate "2023.10.10"]
[SourceVersion "1"]
[SourceVersionDate "2023.10.10"]
[SourceQuality "1"]

1. c4 Nf6 2. Nf3 g6 3. b3 Bg7 4. Bb2 0-0 5. g3 c5 6. Bg2 Nc6 7. 0-0 d5 8. cxd5 Nxd5 9. Bxg7 Kxg7 10. Qc1 b6 11. d4 Nxd4 12. Nxd4 cxd4 13. Qc4 e6 14. Qxd4+ Qf6 15. Qxf6+ Kxf6 16. e4 Nc7 17. Rc1 Nb5 18. e5+ Kxe5 19. Bxa8 Nd4 20. Nc3 1-0

[Event "Titled Tuesday intern op 20th Dec Early"]
[Site "Chess.com INT"]
[Date "2022.12.20"]
[Round "2"]
[White "Matinian, Nikita"]
[Black "Riverol, Jose"]
[Result "1-0"]
[WhiteElo "2425"]
[BlackElo "2304"]
[PlyCount "69"]
[EventDate "2022.12.20"]
[EventType "swiss (blitz)"]
[EventRounds "11"]
[EventCountry "USA"]
[SourceTitle "EXT 2024"]
[Source "ChessBase"]
[SourceDate "2023.10.10"]
[SourceVersion "1"]
[SourceVersionDate "2023.10.10"]
[SourceQuality "1"]

1. e4 c5 2. Nf3 Nc6 3. Bb5 Na5 4. 0-0 a6 5. Be2 d6 6. c4 Nf6 7. Nc3 g6 8. d4 cxd4 9. Nxd4 Bg7 10. Bg5 0-0 11. Qd2 Bd7 12. Rfe1 Rc8 13. b3 Nc6 14. Nc2 Be6 15. Rad1 Qa5 16. Bf1 Rfe8 17. Nd5 Qxd2 18. Rxd2 Nd7 19. Rdd1 Rb8 20. Nc7 Rec8 21. Nxe6 fxe6 22. g3 b5 23. Ne3 Nce5 24. Kg2 bxc4 25. Nxc4 Kf7 26. Nxe5+ Nxe5 27. Bxa6 Rc2 28. Re2 Rbc8 29. Rxc2 Rxc2 30. Rd2 Rxd2 31. Bxd2 Nc6 32. a4 Bd4 33. b4 d5 34. exd5 exd5 35. Bb7 1-0

[Event "Titled Tuesday intern op 20th Dec Early"]
[Site "Chess.com INT"]
[Date "2022.12.20"]
[Round "10"]
[White "Riverol, Jose"]
[Black "Matveeva, Olga"]
[Result "0-1"]
[WhiteElo "2304"]
[BlackElo "2111"]
[PlyCount "60"]
[EventDate "2022.12.20"]
[EventType "swiss (blitz)"]
[EventRounds "11"]
[EventCountry "USA"]
[SourceTitle "EXT 2024"]
[Source "ChessBase"]
[SourceDate "2023.10.10"]
[SourceVersion "1"]
[SourceVersionDate "2023.10.10"]
[SourceQuality "1"]

1. d4 Nf6 2. c4 e6 3. Nc3 Bb4 4. Nf3 0-0 5. g3 d6 6. Bg2 Qe7 7. 0-0 Bxc3 8. bxc3 e5 9. Ba3 Nc6 10. c5 e4 11. cxd6 cxd6 12. Nd2 Bf5 13. Nc4 Rfd8 14. Ne3 Bg6 15. Rb1 Qd7 16. c4 Rac8 17. Qd2 b6 18. Rfd1 Na5 19. h3 Nxc4 20. Nxc4 Rxc4 21. e3 d5 22. Rb2 Rdc8 23. Kh2 Bf5 24. g4 Be6 25. Kg1 h6 26. Qe2 Ne8 27. Qd2 Nd6 28. Bf1 R4c7 29. Be2 Nb7 30. Bb4 Qa4 0-1

[Event "Titled Tuesday intern op 20th Dec Early"]
[Site "Chess.com INT"]
[Date "2022.12.20"]
[Round "1"]
[White "Riverol, Jose"]
[Black "Seemann, Jakub"]
[Result "1-0"]
[WhiteElo "2304"]
[BlackElo "2365"]
[PlyCount "126"]
[EventDate "2022.12.20"]
[EventType "swiss (blitz)"]
[EventRounds "11"]
[EventCountry "USA"]
[SourceTitle "EXT 2024"]
[Source "ChessBase"]
[SourceDate "2023.10.10"]
[SourceVersion "1"]
[SourceVersionDate "2023.10.10"]
[SourceQuality "1"]

1. d4 Nf6 2. c4 c5 3. Nf3 g6 4. Nc3 Bg7 5. g3 d5 6. cxd5 Nxd5 7. Bg2 0-0 8. 0-0 Nxc3 9. bxc3 Nc6 10. e3 Be6 11. Qe2 Rc8 12. Rd1 Na5 13. e4 Bc4 14. Qe1 e6 15. Bg5 Bf6 16. Bh6 Bg7 17. Bg5 Qe8 18. Qe3 Nc6 19. h4 cxd4 20. cxd4 e5 21. dxe5 Nxe5 22. Nxe5 Bxe5 23. Rab1 b6 24. Bh6 Bg7 25. Bxg7 Kxg7 26. Bh3 Rc5 27. Rbc1 Qe5 28. a3 Kg8 29. Rd7 a5 30. Rcd1 Be6 31. Bxe6 fxe6 32. Qh6 Qh8 33. Re7 Rh5 34. Qe3 Qf6 35. Rdd7 Kh8 36. Rb7 Rc5 37. Kg2 Rc2 38. Rxh7+ Kg8 39. Rbg7+ Qxg7 40. Rxg7+ Kxg7 41. Qd4+ Kg8 42. Qxb6 Kf7 43. Qxa5 Kg8 44. Qb6 Re8 45. a4 Rcc8 46. a5 Rb8 47. Qd4 Rf8 48. Qe5 Rfe8 49. Qf6 Kh7 50. a6 Ra8 51. Qf7+ Kh8 52. Qxg6 Rf8 53. Qxe6 Rab8 54. Qh6+ Kg8 55. Qg6+ Kh8 56. a7 Ra8 57. Qh6+ Kg8 58. Qg6+ Kh8 59. Qd6 Rf7 60. Qb8+ Rf8 61. Qb7 Kg8 62. h5 Rae8 63. h6 Rf6 1-0

[Event "Titled Tuesday intern op 20th Sep Early"]
[Site "Chess.com INT"]
[Date "2022.09.20"]
[Round "2"]
[White "Omelja, Artem"]
[Black "Riverol, Jose"]
[Result "1-0"]
[WhiteElo "2441"]
[BlackElo "2304"]
[PlyCount "71"]
[EventDate "2022.09.20"]
[EventType "swiss (blitz)"]
[EventRounds "11"]
[EventCountry "USA"]
[SourceTitle "EXT 2023"]
[Source "ChessBase"]
[SourceDate "2022.10.05"]
[SourceVersion "1"]
[SourceVersionDate "2022.10.05"]
[SourceQuality "1"]

1. d4 Nf6 2. c4 g6 3. Nc3 d5 4. Bg5 Ne4 5. Bh4 Nxc3 6. bxc3 Bg7 7. e3 0-0 8. cxd5 Qxd5 9. Bxe7 Re8 10. Bh4 Qa5 11. Qd2 c5 12. Nf3 Nc6 13. Be2 Bg4 14. h3 Bxf3 15. Bxf3 cxd4 16. cxd4 Bxd4 17. Qxa5 Nxa5 18. Rc1 Bb6 19. 0-0 Rac8 20. Rfd1 Kg7 21. Kf1 Nc6 22. Bg3 Red8 23. Ke2 Kf8 24. Rxd8+ Bxd8 25. Rd1 Be7 26. Rd7 b6 27. Bxc6 Rxc6 28. Rxa7 Rc2+ 29. Kf3 Bc5 30. Ra8+ Ke7 31. a4 h5 32. Bh4+ f6 33. Bg3 Ra2 34. Ra7+ Ke6 35. Ra6 g5 36. Bc7 1-0

[Event "Titled Tuesday intern op 20th Sep Early"]
[Site "Chess.com INT"]
[Date "2022.09.20"]
[Round "5"]
[White "Riverol, Jose"]
[Black "Lehtosaari, Mauri"]
[Result "0-1"]
[WhiteElo "2304"]
[BlackElo "2200"]
[PlyCount "76"]
[EventDate "2022.09.20"]
[EventType "swiss (blitz)"]
[EventRounds "11"]
[EventCountry "USA"]
[SourceTitle "EXT 2023"]
[Source "ChessBase"]
[SourceDate "2022.10.05"]
[SourceVersion "1"]
[SourceVersionDate "2022.10.05"]
[SourceQuality "1"]

1. d4 d5 2. c4 c6 3. Nf3 Nf6 4. Qb3 dxc4 5. Qxc4 Bf5 6. g3 e6 7. Bg2 Be7 8. 0-0 0-0 9. Nbd2 Nbd7 10. Re1 Ne4 11. Qb3 Qb6 12. Qe3 Nxd2 13. Qxd2 Bb4 14. Qd1 Bxe1 15. Nxe1 Nf6 16. Bg5 Ne4 17. Be7 Rfe8 18. Ba3 Rad8 19. e3 Bg6 20. Qe2 h6 21. Nd3 Nf6 22. Ne5 Be4 23. f3 Bh7 24. Rc1 Qa5 25. h4 Nd7 26. Nc4 Qa6 27. Bf1 Nb6 28. Nd6 Qxe2 29. Bxe2 Re7 30. b3 Red7 31. Ne4 Bxe4 32. fxe4 f6 33. Kf2 Kf7 34. Kf3 f5 35. Bb2 g6 36. e5 Nd5 37. h5 gxh5 38. Rh1 Kg6 0-1

[Event "Titled Tuesday intern op 20th Sep Early"]
[Site "Chess.com INT"]
[Date "2022.09.20"]
[Round "3"]
[White "Riverol, Jose"]
[Black "Thorhallsson, Simon"]
[Result "1-0"]
[WhiteElo "2304"]
[BlackElo "2171"]
[PlyCount "25"]
[EventDate "2022.09.20"]
[EventType "swiss (blitz)"]
[EventRounds "11"]
[EventCountry "USA"]
[SourceTitle "EXT 2023"]
[Source "ChessBase"]
[SourceDate "2022.10.05"]
[SourceVersion "1"]
[SourceVersionDate "2022.10.05"]
[SourceQuality "1"]

1. d4 d5 2. c4 e6 3. Nf3 c6 4. Nc3 dxc4 5. a4 Bb4 6. g3 Nf6 7. Bg2 b5 8. 0-0 Bb7 9. Ne5 a6 10. axb5 Bxc3 11. bxc6 Bb4 12. cxb7 Ra7 13. Qa4+ 1-0

[Event "Titled Tuesday intern op 20th Sep Early"]
[Site "Chess.com INT"]
[Date "2022.09.20"]
[Round "4"]
[White "Skliarov, Viktor"]
[Black "Riverol, Jose"]
[Result "1-0"]
[WhiteElo "2384"]
[BlackElo "2304"]
[PlyCount "77"]
[EventDate "2022.09.20"]
[EventType "swiss (blitz)"]
[EventRounds "11"]
[EventCountry "USA"]
[SourceTitle "EXT 2023"]
[Source "ChessBase"]
[SourceDate "2022.10.05"]
[SourceVersion "1"]
[SourceVersionDate "2022.10.05"]
[SourceQuality "1"]

1. e4 c5 2. Nf3 Nc6 3. Bb5 Na5 4. Be2 d6 5. d4 cxd4 6. Qxd4 Nc6 7. Bb5 Bd7 8. Bxc6 Bxc6 9. Nc3 Nf6 10. Bg5 Qa5 11. 0-0-0 e5 12. Qd3 Nd7 13. Kb1 h6 14. Bd2 Qb6 15. Nd5 Bxd5 16. Qxd5 Be7 17. Be3 Qc6 18. Qxc6 bxc6 19. c4 Nf6 20. Nd2 0-0 21. f3 Rfd8 22. Nb3 a5 23. Bb6 Rdb8 24. Bc7 Rb4 25. Bxd6 Bxd6 26. Rxd6 Rxc4 27. Rc1 Rxc1+ 28. Kxc1 a4 29. Nc5 a3 30. Rxc6 axb2+ 31. Kxb2 Kf8 32. Rc7 Ke8 33. a4 Nh5 34. g3 Nf6 35. Ka3 Ng8 36. Kb4 Ne7 37. a5 Nc8 38. Nd3 Rb8+ 39. Ka4 1-0

[Event "Titled Tuesday intern op 14th Dec"]
[Site "Chess.com INT"]
[Date "2021.12.14"]
[Round "2"]
[White "Riverol, Jose"]
[Black "Ferreira, Vitor Hugo Vieira"]
[Result "0-1"]
[WhiteElo "2304"]
[BlackElo "2123"]
[PlyCount "76"]
[EventDate "2021.12.14"]
[EventType "swiss (blitz)"]
[EventRounds "11"]
[EventCountry "USA"]
[SourceTitle "EXT 2023"]
[Source "ChessBase"]
[SourceDate "2022.10.05"]
[SourceVersion "1"]
[SourceVersionDate "2022.10.05"]
[SourceQuality "1"]

1. d4 d5 2. c4 c6 3. Nc3 Nf6 4. Nf3 e6 5. Bg5 Nbd7 6. e3 Qa5 7. Nd2 Bb4 8. Bxf6 Nxf6 9. Qb3 0-0 10. a3 Bd6 11. Bd3 Re8 12. 0-0 e5 13. cxd5 cxd5 14. dxe5 Rxe5 15. Nf3 Rh5 16. g3 a6 17. Be2 b5 18. Nd4 Rh6 19. Nxd5 Bb7 20. Nxf6+ Rxf6 21. Rad1 Qc7 22. f4 Re8 23. Bf3 Bc8 24. Rfe1 Bc5 25. Kf2 Qa7 26. Qc3 Bd7 27. b4 Bb6 28. Nc2 Rc8 29. Qd2 Bf5 30. Nd4 Bd7 31. Rc1 Re8 32. Qc3 h5 33. h4 Rd6 34. Qd2 Bxd4 35. exd4 Rxd4 36. Rxe8+ Bxe8 37. Qe3 Rd2+ 38. Be2 Qd7 0-1

[Event "Titled Tuesday intern op 14th Dec"]
[Site "Chess.com INT"]
[Date "2021.12.14"]
[Round "10"]
[White "Shvedova, Alexandra"]
[Black "Riverol, Jose"]
[Result "1-0"]
[WhiteElo "2065"]
[BlackElo "2304"]
[PlyCount "63"]
[EventDate "2021.12.14"]
[EventType "swiss (blitz)"]
[EventRounds "11"]
[EventCountry "USA"]
[SourceTitle "EXT 2023"]
[Source "ChessBase"]
[SourceDate "2022.10.05"]
[SourceVersion "1"]
[SourceVersionDate "2022.10.05"]
[SourceQuality "1"]

1. e4 c5 2. Ne2 Nc6 3. d4 cxd4 4. Nxd4 Qb6 5. Nb3 Nf6 6. Nc3 e6 7. Qe2 Bb4 8. Bd2 0-0 9. 0-0-0 d5 10. exd5 exd5 11. Be3 Qc7 12. Nxd5 Nxd5 13. Rxd5 Be6 14. Rd1 a5 15. Kb1 a4 16. Nc5 Bf5 17. g4 Bg6 18. a3 Bxc5 19. Bxc5 Rfe8 20. Qb5 Ra5 21. Qb6 Qe5 22. Be3 Rd5 23. Bg2 Rxd1+ 24. Rxd1 Ne7 25. Qxb7 f5 26. gxf5 Nxf5 27. Qd5+ Qxd5 28. Bxd5+ Kh8 29. Bf4 h6 30. Ka2 Rd8 31. Bf3 Rc8 32. Be4 1-0

[Event "World Corporate West A"]
[Site "Chess.com INT"]
[Date "2021.02.21"]
[Round "5.4"]
[White "Sai, Krishna GV"]
[Black "Riverol, Jose"]
[Result "1-0"]
[WhiteElo "2405"]
[BlackElo "2304"]
[PlyCount "51"]
[EventDate "2021.02.20"]
[EventType "team (rapid)"]
[EventRounds "7"]
[EventCountry "USA"]
[SourceTitle "CBM 200 Extra"]
[Source "ChessBase"]
[SourceDate "2021.03.31"]
[SourceVersion "1"]
[SourceVersionDate "2021.03.31"]
[SourceQuality "1"]
[WhiteTeam "Telus"]
[BlackTeam "ANCAP"]
[WhiteTeamCountry "CAN"]
[BlackTeamCountry "URU"]

1. e4 c5 2. Nf3 Nc6 3. Nc3 g6 4. h4 Nf6 5. h5 Nxh5 6. Rxh5 gxh5 7. Ng5 Bh6 8. d4 Bxg5 9. Bxg5 Nxd4 10. Nd5 Nc6 11. Qxh5 d6 12. 0-0-0 Be6 13. Nxe7 Nxe7 14. Bb5+ Bd7 15. Rxd6 Bxb5 16. Rxd8+ Rxd8 17. Bf6 Ng6 18. Qxc5 Be2 19. Bxd8 Kxd8 20. Qxa7 Ba6 21. f4 Kc7 22. Qc5+ Kd7 23. Qd5+ Kc7 24. Qc5+ Kd7 25. f5 Ne7 26. Qd4+ 1-0

[Event "Titled Tuesday intern op 3rd Jan"]
[Site "Chess.com INT"]
[Date "2019.12.03"]
[Round "3"]
[White "Riverol, Jose"]
[Black "Reprintsev, Alexander"]
[Result "0-1"]
[WhiteElo "2304"]
[BlackElo "2353"]
[PlyCount "98"]
[EventDate "2019.12.03"]
[EventType "swiss (blitz)"]
[EventRounds "10"]
[EventCountry "USA"]
[SourceTitle "EXT 2021"]
[Source "ChessBase"]
[SourceDate "2020.10.23"]
[SourceVersion "1"]
[SourceVersionDate "2020.10.23"]
[SourceQuality "1"]

1. d4 d5 2. c4 e5 3. dxe5 d4 4. Nf3 Nc6 5. a3 g6 6. e3 Bg4 7. Be2 Bxf3 8. Bxf3 Nge7 9. b4 Bg7 10. exd4 Qxd4 11. Qxd4 Nxd4 12. Bxb7 Rb8 13. Be4 Bxe5 14. Ra2 f5 15. Bd3 c5 16. Bd2 Rd8 17. Bc2 0-0 18. Bg5 Rfe8 19. 0-0 Ne6 20. Bc1 Nc6 21. Ba4 Ned4 22. Bg5 Rb8 23. bxc5 Rec8 24. Nd2 Na5 25. Re1 Rxc5 26. Be7 Rxc4 27. Nxc4 Nxc4 28. Bc5 Ne6 29. Bb4 a5 30. Be7 Kf7 31. Bh4 g5 32. Bg3 f4 33. Bc6 fxg3 34. hxg3 Rd8 35. Bb5 Bc3 36. Rxe6 Kxe6 37. Bxc4+ Kf6 38. a4 Rd1+ 39. Kh2 Bd4 40. Bb5 Rf1 41. f3 Rc1 42. Re2 h5 43. g4 Be5+ 44. g3 h4 45. f4 gxf4 46. gxf4 Bxf4+ 47. Kg2 Rc3 48. Bd7 h3+ 49. Kf2 Bg3+ 0-1

[Event "Titled Tuesday intern op 1st May"]
[Site "Chess.com INT"]
[Date "2018.05.01"]
[Round "10"]
[White "Riverol, Jose"]
[Black "Grigoriants, Sergey"]
[Result "0-1"]
[WhiteElo "2304"]
[BlackElo "2545"]
[PlyCount "56"]
[EventDate "2018.05.01"]
[EventType "swiss (blitz)"]
[EventRounds "10"]
[EventCountry "USA"]
[SourceTitle "EXT 2021"]
[Source "ChessBase"]
[SourceDate "2020.10.23"]
[SourceVersion "1"]
[SourceVersionDate "2020.10.23"]
[SourceQuality "1"]

1. d4 Nf6 2. c4 e6 3. Nf3 d5 4. Nc3 c6 5. Qb3 dxc4 6. Qxc4 b5 7. Qd3 a6 8. g3 c5 9. Bg2 Bb7 10. 0-0 Nbd7 11. Rd1 Rc8 12. dxc5 Bxc5 13. Bf4 0-0 14. a3 Qb6 15. e3 Rfd8 16. Qe2 h6 17. h4 Bxf3 18. Qxf3 e5 19. Qb7 exf4 20. Qxb6 Bxb6 21. Bb7 Rb8 22. Bxa6 b4 23. axb4 fxe3 24. fxe3 Bxe3+ 25. Kg2 Rxb4 26. Bb5 Rxb2+ 27. Kh3 h5 28. Ra6 Ng4 0-1

[Event "Titled Tuesday intern op 1st May"]
[Site "Chess.com INT"]
[Date "2018.05.01"]
[Round "9"]
[White "Weinstein, Norman"]
[Black "Riverol, Jose"]
[Result "1-0"]
[WhiteElo "2450"]
[BlackElo "2304"]
[PlyCount "55"]
[EventDate "2018.05.01"]
[EventType "swiss (blitz)"]
[EventRounds "10"]
[EventCountry "USA"]
[SourceTitle "EXT 2021"]
[Source "ChessBase"]
[SourceDate "2020.10.23"]
[SourceVersion "1"]
[SourceVersionDate "2020.10.23"]
[SourceQuality "1"]

1. e4 c5 2. Nf3 Nc6 3. Nc3 g6 4. d4 cxd4 5. Nxd4 Bg7 6. Be3 Nf6 7. Bc4 0-0 8. Bb3 d6 9. h3 Bd7 10. 0-0 Rc8 11. Re1 Na5 12. Qd3 a6 13. f4 b5 14. e5 Ne8 15. e6 fxe6 16. Nxe6 Bxe6 17. Bxe6+ Kh8 18. Bxc8 Qxc8 19. Bd4 Rf7 20. a4 b4 21. Nd5 Qb7 22. c4 Nc6 23. Bxg7+ Nxg7 24. a5 Nf5 25. b3 Kg8 26. Kh2 Qd7 27. Qd2 Qb7 28. Ra4 1-0

[Event "Colonia 2nd"]
[Site "Colonia"]
[Date "2008.05.09"]
[Round "9"]
[White "Larrea, Manuel"]
[Black "Riverol, Jose"]
[Result "1/2-1/2"]
[WhiteElo "2342"]
[BlackElo "2275"]
[PlyCount "52"]
[EventDate "2008.05.04"]
[EventType "tourn"]
[EventRounds "9"]
[EventCountry "URU"]
[EventCategory "3"]
[SourceTitle "CBM 124 Extra"]
[Source "ChessBase"]
[SourceDate "2008.07.03"]
[SourceVersion "1"]
[SourceVersionDate "2008.07.03"]
[SourceQuality "1"]

1. e4 c5 2. Nf3 Nc6 3. d4 cxd4 4. Nxd4 Nf6 5. Nc3 e5 6. Ndb5 h6 7. Nd5 Nxd5 8. exd5 a6 9. Nc3 Nd4 10. Be3 Nf5 11. Bd3 d6 12. Qf3 g6 13. 0-0-0 Bg7 14. g4 Nxe3 15. fxe3 0-0 16. h4 b5 17. Rdg1 Qf6 18. Qxf6 Bxf6 19. g5 hxg5 20. hxg5 Be7 21. Rh2 Kg7 22. Rgh1 Rg8 23. Rh7+ Kf8 24. Rf1 Rg7 25. Rh8+ Rg8 26. Rh7 Rg7 1/2-1/2

[Event "Colonia 2nd"]
[Site "Colonia"]
[Date "2008.05.05"]
[Round "3"]
[White "Riverol, Jose"]
[Black "Bertona, Fernando"]
[Result "1-0"]
[WhiteElo "2275"]
[BlackElo "2425"]
[PlyCount "117"]
[EventDate "2008.05.04"]
[EventType "tourn"]
[EventRounds "9"]
[EventCountry "URU"]
[EventCategory "3"]
[SourceTitle "CBM 124 Extra"]
[Source "ChessBase"]
[SourceDate "2008.07.03"]
[SourceVersion "1"]
[SourceVersionDate "2008.07.03"]
[SourceQuality "1"]

1. Nf3 d5 2. d4 Nf6 3. c4 e6 4. g3 dxc4 5. Qa4+ Bd7 6. Qxc4 Bc6 7. Bg2 Nbd7 8. Nc3 Be7 9. 0-0 0-0 10. Re1 Ne4 11. Qd3 Nxc3 12. bxc3 f5 13. Bf4 Be4 14. Qc4 Bd5 15. Qxc7 Rc8 16. Qxd8 Rfxd8 17. Bg5 Nf6 18. Nd2 Bxg2 19. Kxg2 Rxc3 20. Nb3 Kf7 21. Rec1 Rdc8 22. Rxc3 Rxc3 23. Rc1 Rxc1 24. Bxc1 b6 25. f3 Ke8 26. Kf2 Kd7 27. Ke3 g5 28. Kd3 g4 29. a4 a6 30. Bg5 h5 31. Bxf6 Bxf6 32. fxg4 hxg4 33. e4 Bg5 34. d5 f4 35. a5 exd5 36. axb6 dxe4+ 37. Kxe4 f3 38. Nc5+ Kc6 39. b7 Kc7 40. Nxa6+ Kxb7 41. Nc5+ Kc6 42. Nd3 Kd6 43. Nf2 Ke6 44. Nxg4 Bd8 45. Kxf3 Kf5 46. Ne3+ Kg5 47. Ng2 Bc7 48. Nf4 Bd6 49. h4+ Kf5 50. g4+ Kf6 51. Ke4 Ba3 52. g5+ Kg7 53. Kf5 Bd6 54. h5 Kh7 55. Nd5 Bf8 56. Nf6+ Kh8 57. Nd7 Be7 58. Kg6 Ba3 59. Ne5 1-0